00321pab a2200121 454500008004000000100001600040245006700056260000900123300001500132362000800147650001000155773003400165180718b2012 xxu||||| |||| 00| 0 eng d aCybil, K.V. aProblems in the study of man and the shifting borders of caste c2012 ap.135-144. aJan aCaste aIndian Journal of Social Work